| 000 | 00702nam a2200217 cc4500 | ||
|---|---|---|---|
| 001 | 000018730 | ||
| 003 | RuMoIPM | ||
| 005 | 20260513115636.0 | ||
| 008 | 241029b 2021ru ||||| |||| 00| 0 rus d | ||
| 020 | _a978-5-9775-3854-1 | ||
| 040 |
_aRuMoIPM _brus _ercr |
||
| 041 | _arus | ||
| 044 | _aru | ||
| 080 | _a510(075.8) | ||
| 245 | 1 | 0 |
_aТ. 2 _cВ. И. Смирнов |
| 250 | _a24-е изд. | ||
| 260 |
_aСанкт-Петербург _bБХВ-Петербург _c2021 |
||
| 300 |
_a842 с. _bил. |
||
| 773 | 0 | 8 |
_w000018741 _7nnam _aСмирнов, Владимир Иванович _tКурс высшей математики: [Учебная литература для вузов] |
| 942 | _cBK | ||
| 999 |
_c18730 _d18730 |
||